000 00395nam a22001697a 4500
003 MACL
005 20151226131838.0
008 151226b xxu||||| |||| 00| 0 eng d
040 _cMACL
041 _aEnglish
082 _a300/DEL
100 _aDelio Ilia
_922822
245 _aChrist In Evolution
260 _aNew Delhi
_bLogos Press
_c2010
650 _aSocilisam
_922824
942 _2ddc
_cBK
999 _c51912
_d51912